000 nam a22 7a 4500
999 _c28964
_d28964
008 170829b xxu||||| |||| 00| 0 eng d
020 _a0340185066
050 _aTN 665 .H54 1968
100 _aHiggins, Roymond A.
245 _aEngineering metallurgy :
_bmetallurgical process technology /
260 _aLondon :
_bHooder and Stoughton,
_c1968.
300 _axi, 480p. :
_bill. ;
_c22 cm.
504 _aIncludes index.
650 _aMetallurgy.
650 _aPhysical metallurgy
650 _aSmelting
942 _2lcc
_cBOOKS
_hTN 665 .H54 1968